1013 1203 1594 1685 1306 1970 1264 1933 1755 1829 1998 1120 1749 1671 1366 1792 1810 1567 1407 1261 1607 1889 1305 1116 1110 1268 1688 1780 1649 1099 1356 1394 1887 1570 1212 1007 1061 1690 1718 1425 1753 1937 1081 1878 1167 1745 1869 1690 1100 1049 1089 1132 1954 1517 1630 1500 1636 1823 1152 1448 1678 1844 1333 1302 1792 1747 1408 1032 1703 1032 1491 1714 1969 1845 1237 1440 1487 1461 1816 1253 1113 1490 1880 1883 1071 1915 1447 1690 1165 1536 1828 1317 1259 1134 1541 1683 1388 1176 1695 BCNSPRNW ULIB Ver.6.0+V

เปลี่ยนเป็นภาษาไทย

Change to English
 แสดงรายละเอียดบรรณานุกรม
  กลับหน้าหลัก

Brief Record : Get Marc (ISO 2709) : E-mail record : QR code < ปิดหน้าต่าง
LEADER : 00000nam 2200000uu 4500
001    13399129161
003     ULIB
008    260410s2569||||th 000 0 tha d
020 ^^ ^a9786166238525
041 ^^ ^aTha
060 ^^ ^aWY16^bก389น
100 ^^ ^aกันตพร ยอดใชย
245 ^^ ^aนวัตกรรมทางการพยาบาลสู่การพัฒนาวิชาชีพ = ^lNursing innovation towards professional development /^cกันตพร ยอดใชย
250 ^^ ^aพิมพ์ครั้งที่ 2
260 ^^ ^aสงขลา :^bคณะพยาบาลศาสตร์ มหาวิทยาลัยสงขลานครินทร์, ^c2569
300 ^^ ^avii, 167 หน้า :^bภาพสีประกอบ, ตาราง ;^c25 ซม.
505 ^^ ^aสารบัญ: แนวคิดเกี่ยวกับนวัตกรรมทางการพยาบาล - - มโนทัศน์พื้นฐานในการพัฒนานวัตกรรมทางการพยาบาล - - นวัตกรรมทางการศึกษาการพยาบาล - - นวัตกรรมทางการบริการและสุขภาพ - - นวัตกรรมทางการบริหารการพยาบาล - - ทิศทางการพัฒนานวัตกรรมทางการพยาบาลสู่การพัฒนาวิชาชีพในอนาคต
590 ^^ ^aกันตพร ยอดใชย. (2569). ^bนวัตกรรมทางการพยาบาลสู่การพัฒนาวิชาชีพ. ^dคณะพยาบาลศาสตร์ มหาวิทยาลัยสงขลานครินทร์.
591 ^^ ^aกันตพร ยอดใชย. นวัตกรรมทางการพยาบาลสู่การพัฒนาวิชาชีพ. สงขลา: คณะพยาบาลศาสตร์ มหาวิทยาลัยสงขลานครินทร์; 2569
650 ^^ ^aนวัตกรรมทางการพยาบาล
690 ^^ ^aสาขาวิชาการพยาบาลพื้นฐาน
710 ^^ ^aมหาวิทยาลัยสงขลานครินทร์. คณะพยาบาลศาสตร์
740 ^^ ^aNursing innovation towards professional development
999    ^aประนอม เกษจรัล
รายการนี้ยังไม่มีแท็ก
คุณยังไม่ได้ล็อกอิน คุณสามารถมีกิจกรรมร่วมกับเว็บไซต์ได้ แต่ต้องล็อกอินก่อน ::
  ล็อกอิน

รายการสื่อสารสนเทศ

ลำดับที่ ประเภท เลขเรียก/บาร์โค้ด สถานที่ สถานะ
1. หนังสือสำรอง
หนังสือสำรอง
สถานะ=หนังสือสำรอง
WY16 ก389น ฉ.1 
  Barcode: 011933
ห้องสมุดวิทยาเขตสวรรค์ประชารักษ์
►หนังสือทั่วไป
บนชั้น
2. วิทยาศาสตร์การแพทย์ และสุขภาพ
วิทยาศาสตร์การแพทย์ และสุขภาพ
WY16 ก389น ฉ.2 
  Barcode: 011934
ห้องสมุดวิทยาเขตสวรรค์ประชารักษ์
►หนังสือทั่วไป
บนชั้น
3. วิทยาศาสตร์การแพทย์ และสุขภาพ
วิทยาศาสตร์การแพทย์ และสุขภาพ
WY16 ก389น ฉ.3 
  Barcode: 011935
ห้องสมุดวิทยาเขตสวรรค์ประชารักษ์
►หนังสือทั่วไป
บนชั้น
4. วิทยาศาสตร์การแพทย์ และสุขภาพ
วิทยาศาสตร์การแพทย์ และสุขภาพ
WY16 ก389น ฉ.4 
  Barcode: 011936
ห้องสมุดวิทยาเขตสวรรค์ประชารักษ์
►หนังสือทั่วไป
บนชั้น
5. วิทยาศาสตร์การแพทย์ และสุขภาพ
วิทยาศาสตร์การแพทย์ และสุขภาพ
WY16 ก389น ฉ.5 
  Barcode: 011937
ห้องสมุดวิทยาเขตสวรรค์ประชารักษ์
►หนังสือทั่วไป
ถูกยืม กำหนดส่งวันที่ 25 พฤษภาคม 2569
  จอง

รายการใกล้เคียง
    ผู้แต่ง [กันตพร ยอดใชย]

BibComment


ยังไม่เคยถูกคอมเมนท์

คอมเมนท์ทรัพยากรรายการนี้
  คอมเมนท์: นวัตกรรมทางการพย..


 Copyright 2026. Bcnsprnw @Library